书目信息 |
| 题名: |
搬迁的游牧民
|
|
| 作者: | 冯雪红, , 安宁, 著 | |
| 分册: | ||
| 出版信息: | 北京 中国社会科学出版社 2020.04 |
|
| 页数: | 249页 | |
| 开本: | 24cm | |
| 丛书名: | ||
| 单 册: | ||
| 中图分类: | K281.4 | |
| 科图分类: | ||
| 主题词: | 藏族--zang zu--游牧民族--民族迁徙--研究--甘肃 , 藏族--zang zu--游牧民族--民族迁徙--研究--青海 | |
| 电子资源: | ||
| ISBN: | 978-7-5203-5852-1 | |
| 000 | 01535nam0 2200301 450 | |
| 001 | 202021192611 | |
| 005 | 20211025120136.0 | |
| 010 | @a978-7-5203-5852-1@dCNY78.00 | |
| 100 | @a20210925d2020 em y0chiy50 ea | |
| 101 | 0 | @achi |
| 102 | @aCN@b110000 | |
| 105 | @aa a 000yy | |
| 106 | @ar | |
| 200 | 1 | @a搬迁的游牧民@Aban qian de you mu min@e黄河首曲、隆务河、大厦河流域藏族移民实录@d= Relocated nomads@eauthentic records of the resettled tibetans among the areas of yellow river shuqu, Longwu river and Daxia river watershed@f冯雪红, 安宁著@zeng |
| 210 | @a北京@c中国社会科学出版社@d2020.04 | |
| 215 | @a249页@c图@d24cm | |
| 314 | @a冯雪红, 教授, 民族学博士, 博士生导师。安宁, 北方民族大学民族学硕士, 兰州大学民族学在读博士。 | |
| 320 | @a有书目 | |
| 330 | @a本书是对藏族生态移民的系列研究, 是对甘肃省玛曲县尼玛社区、夏河县桑科新村和青海省同仁县三江源村搬迁牧民的政策感受、生产生活方式适应、文化适应和心理适应的调查实录。 | |
| 510 | 1 | @aRelocated nomads@eauthentic records of the resettled tibetans among the areas of yellow river shuqu, Longwu river and Daxia river watershed@zeng |
| 517 | 1 | @a黄河首曲、隆务河、大厦河流域藏族移民实录@Ahuang he shou qu 、 long wu he 、da xia he liu yu zang zu yi min shi lu |
| 606 | 0 | @a藏族@Azang zu@x游牧民族@x民族迁徙@x研究@y甘肃 |
| 606 | 0 | @a藏族@Azang zu@x游牧民族@x民族迁徙@x研究@y青海 |
| 690 | @aK281.4@v5 | |
| 701 | 0 | @a冯雪红,@Afeng xue hong@f1968-@4著 |
| 701 | 0 | @a安宁,@Aan ning@f1988-@4著 |
| 801 | 0 | @aCN@c20210909 |
| 905 | @a河南城建学院图书馆@dK281.4@eF522 | |
| 搬迁的游牧民:黄河首曲、隆务河、大厦河流域藏族移民实录= Relocated nomads:authentic records of the resettled tibetans among the areas of yellow river shuqu, Longwu river and Daxia river watershed/冯雪红, 安宁著.-北京:中国社会科学出版社,2020.04 |
| 249页:图;24cm |
| ISBN 978-7-5203-5852-1:CNY78.00 |
| 本书是对藏族生态移民的系列研究, 是对甘肃省玛曲县尼玛社区、夏河县桑科新村和青海省同仁县三江源村搬迁牧民的政策感受、生产生活方式适应、文化适应和心理适应的调查实录。 |
| ● |
| 相关链接 |
|
|
|
正题名:搬迁的游牧民
索取号:K281.4/F522
 
预约/预借
| 序号 | 登录号 | 条形码 | 馆藏地/架位号 | 状态 | 备注 |
| 1 | 1541816 | 215418162 | 社科库309/309社科库 37排7列4层/ [索取号:K281.4/F522] | 在馆 | |
| 2 | 1541817 | 215418171 | 社科库309/309社科库 37排7列4层/ [索取号:K281.4/F522] | 在馆 |